Myology : Basic and clinical

में बचाया:
ग्रंथसूची विवरण
मुख्य लेखक: Engel, Andrew G.
स्वरूप: पुस्तक
भाषा:Undetermined
प्रकाशित: New York McGraw-Hill 2004
विषय:
टैग : टैग जोड़ें
कोई टैग नहीं, इस रिकॉर्ड को टैग करने वाले पहले व्यक्ति बनें!
Thư viện lưu trữ: Trung tâm Học liệu Trường Đại học Cần Thơ
LEADER 00593nam a2200217Ia 4500
001 CTU_151244
008 210402s9999 xx 000 0 und d
020 |c 235 
082 |a 616.74 
082 |b E57/Vol.2 
100 |a Engel, Andrew G. 
245 0 |a Myology : 
245 0 |b Basic and clinical 
245 0 |c Andrew G. Engel, Clara Franzini-Armstrong 
260 |a New York 
260 |b McGraw-Hill 
260 |c 2004 
650 |a Muscles,Neuromuscular diseases,Muscles 
650 |x Diseases,Physiology 
904 |i Giang 
980 |a Trung tâm Học liệu Trường Đại học Cần Thơ